| 000 | 00937nam a22003017a 4500 | ||
|---|---|---|---|
| 003 | URS | ||
| 005 | 20240708192430.0 | ||
| 008 | 240502t2022 ph ||||| |||| 00| 0 eng d | ||
| 020 | _a9786210427929 | ||
| 040 |
_aDLC _beng _cDLC _dDLC _dURS _erda |
||
| 082 |
_a343.599 _bD3778 2022 |
||
| 100 | _aDe Leon, Hector S. | ||
| 245 |
_aThe Law on Income Taxation/ _cHector S. De Leon,and Hector M. De Leon, Jr. |
||
| 264 |
_aPhilippines: _bRex Book Store _c2020 |
||
| 300 |
_axxiii, 600 pages; _c23 cm. |
||
| 336 |
_2rdacontent _atext _btxt |
||
| 337 |
_2rdamedia _aunmediated _bn |
||
| 338 |
_2rdacarrier _avolume _bnc |
||
| 504 | _aincludes index. | ||
| 650 |
_aIncome tax _xLaw and legislation |
||
| 650 |
_aTaxation _xLaw and legislation |
||
| 650 |
_aTax law _zPhilippines |
||
| 650 |
_aIncome tax _zPhilippines |
||
| 650 | _aLegal aspects of taxations. | ||
| 650 | _aTax policy | ||
| 700 | _aDe Leon, Jr., Hector M. | ||
| 942 |
_2ddc _cF |
||
| 999 |
_c79771 _d79770 |
||